| 000 | 00396nam a22001577a 4500 | ||
|---|---|---|---|
| 003 | OSt | ||
| 005 | 20140311163158.0 | ||
| 008 | 140227t xxu||||| |||| 00| 0 eng d | ||
| 020 | _a9789713703804 | ||
| 050 |
_aQA 581.8 _b.J399f1 2010 |
||
| 245 | _aFun with computers / | ||
| 260 |
_aPhilippines : _bJemma Inc., _c2010. |
||
| 300 |
_a160 p. : _bill. ; _c26 cm. |
||
| 942 |
_2lcc _cBK |
||
| 999 |
_c42426 _d42426 |
||